Nájomné bývanie dostáva po roku opäť šancu
Po ročnej pauze štát opäť dotuje výstavbu nájomnývh bytov. Dopĺňa tým pôžičky zo Štátneho fondu rozvoja bývania (ŠFRB). Podiel nájomných bytov na Slovensku. Kto môže žiadať o dotáciu na výstavbu nájomných bytov. Prísne podmienky na pridelenie dotácie. Výhodné pôžičky zo ŠFRB.
Gespeichert in:
| 1. Verfasser: | |
|---|---|
| Format: | Buchkapitel |
| Sprache: | Slowakisch |
| Schlagworte: | |
| Tags: |
Keine Tags, Fügen Sie das erste Tag hinzu!
|
MARC
| LEADER | 00000naa$a2200000$$$4500 | ||
|---|---|---|---|
| 001 | 0004733 | ||
| 005 | 20231009074625.9 | ||
| 041 | 0 | |a slo | |
| 044 | |a SK | ||
| 245 | 1 | 0 | |a Nájomné bývanie dostáva po roku opäť šancu |c aut. Miro Sedlák |
| 520 | |a Po ročnej pauze štát opäť dotuje výstavbu nájomnývh bytov. Dopĺňa tým pôžičky zo Štátneho fondu rozvoja bývania (ŠFRB). Podiel nájomných bytov na Slovensku. Kto môže žiadať o dotáciu na výstavbu nájomných bytov. Prísne podmienky na pridelenie dotácie. Výhodné pôžičky zo ŠFRB. | ||
| 610 | 2 | 0 | |a byty |
| 610 | 2 | 0 | |a byty nájomné |
| 610 | 2 | 0 | |a výstavba bytová |
| 610 | 2 | 0 | |a dotácie štátne |
| 610 | 2 | 0 | |a pôžičky štátne |
| 610 | 2 | 0 | |a Štátny fond rozvoja bývania |
| 100 | 1 | |a Sedlák, Miro | |